000 01143cad a22002415a 4500
001 L156393
008 120516s2012 xxkqr p 0 a0eng u
035 _a(Sirsi) u156393
041 0 _aeng
100 1 _aFrame, Shona
110 2 _aMacRoberts LLP
245 0 0 _aTreatment of BIM in the JCT and SBCC public sector supplements
_h[electronic resource]
260 _a[S.l.]
_bMacRoberts LLP
_c2012
520 _aLooks at how these supplements published in 2011 for use in England and Wales (JCT) and Scotland (SBCC) include amendments where design work and information supply is to be governed by a Building Information Management (BIM) protocol, as well as those necessary to comply with the UK government's Fair Payment Charter and Transparency Policy.
590 _aKA NTK
650 2 4 _aBUILDING INFORMATION MODELLING
650 2 4 _aBIM
_96219
651 4 _aUnited Kingdom
_y
690 _aBIM
_96219
690 _aContracts
_96232
856 4 0 _uhttps://www.mondaq.com/x/177332/Contracts+Deeds/Treatment+Of+Bim+In+The+Jct+And+Sbcc+Public+Sector+Supplements
_zRegister to view the article free of charge at www.mondaq.com
942 _n0
999 _c114235
_d114235